Sacramentos y sacramentalidad: una propuesta teológico-pastoral
Kaydedildi:
| Yazar: | |
|---|---|
| Materyal Türü: | Kitap |
| Dil: | İspanyolca |
| Baskı/Yayın Bilgisi: |
Buenos Aires
Agape Libros
2013
|
| Edisyon: | 1a. ed |
| Konular: | |
| Etiketler: |
Etiketle
Etiket eklenmemiş, İlk siz ekleyin!
|
MARC
| LEADER | 00000cam a2200000 a 4500 | ||
|---|---|---|---|
| 001 | UCE9116 | ||
| 003 | CL-VaPUC | ||
| 008 | 150928e20130000ag |||||||||||||||||spa|d | ||
| 020 | |a 9789876403061 | ||
| 082 | 0 | 4 | |a 230 |b BOR |2 21 |
| 100 | 0 | |a Borobio, Dionisio |e author |9 581822 | |
| 245 | 1 | 0 | |a Sacramentos y sacramentalidad: una propuesta teológico-pastoral |
| 250 | |a 1a. ed | ||
| 300 | |a 201 p | ||
| 942 | |c BK | ||
| 945 | |d 20150928 14:02:00 |a gsalatino | ||
| 260 | |a Buenos Aires |b Agape Libros |c 2013 | ||
| 650 | 0 | |a Sacramentos |9 257270 | |
| 650 | 0 | |a Cristianismo |9 257361 | |
| 650 | 0 | |a Teología |9 258766 | |
| 583 | |a last modification |c 20150928 14:02:00 |k Rodrigo Vera | ||
| 999 | |c 360814 |d 360812 | ||
| 952 | |0 0 |1 0 |3 erb |4 0 |6 230_000000000000000_BOR_2013 |7 0 |8 A |9 470785 |a BIBTEO |b BIBTEO |i 5200229 |o 230 BOR 2013 |p 5200229 |r 2025-01-17 |w 2019-11-23 |y BK |z Catalogado en:20150928 |k ICR | ||